Movies Quiz

Random Movies Quiz

Guess The Anastasia Lyrics 7 Quiz Stats

 Plays Quiz not verified by Sporcle

Challenge
Share
Tweet
Embed
Score 0/200 Timer 10:00
0 Plays Today
% Correct
a
91.5%
the
91.5%
and
91.5%
a
91.5%
and
91.5%
the
91.5%
and
91.5%
the
91.5%
the
91.5%
the
91.5%
the
91.5%
the
91.5%
you
82.4%
you
82.4%
the
82.4%
the
82.4%
the
82.4%
heart
80.6%
and
77.1%
the
76.5%
and
76.5%
a
76.5%
a
76.5%
heart
75.8%
heart
75.8%
the
75.8%
holds
75.2%
holds
75.2%
the
75.2%
holds
75.2%
we
74.5%
the
73.9%
you
73.2%
you
73.2%
you
73.2%
and
73.2%
to
72.5%
to
72.5%
to
72.5%
to
72.5%
to
72.5%
to
72.5%
to
72.5%
to
72.5%
your
70.6%
Paris
69.9%
Paris
69.9%
Paris
69.9%
Paris
69.9%
Paris
69.9%
Paris
69.9%
where
69.9%
is
69.9%
on
69.3%
in
69.3%
in
69.3%
to
69.3%
to
69.3%
your
68.6%
your
68.6%
your
68.6%
Paris
68.6%
Paris
68.6%
Paris
68.6%
me
68%
key
68%
key
68%
% Correct
key
68%
her
68%
you
67.3%
can
67.3%
heart
67.3%
key
66.7%
key
66.7%
key
66.7%
holds
66%
holds
66%
holds
66%
you
65.4%
found
64.7%
be
63.9%
my
63.4%
be
63.4%
don't
63.4%
rose
63.4%
when
62.1%
that's
62.1%
welcome
61.4%
have
61.4%
have
61.4%
her
61.4%
at
60.8%
no
58.8%
through
58.8%
night
58.8%
where
58.2%
it
58.2%
find
58.2%
can
58.2%
can
58.2%
can
58.2%
can
58.2%
can
58.2%
at
58.2%
la rue
57.5%
an
57.5%
last
57.5%
your
57.5%
friends
56.9%
end
56.9%
do
56.2%
too
56.2%
that
55.6%
think
55.6%
you'll
55.6%
heart
55.6%
Princess
54.9%
all
54.9%
woes
54.9%
can
54.2%
here
53.6%
you're
53.6%
you're
53.6%
come
53.6%
of
53.6%
you're
53.6%
come
53.6%
past
53.6%
I've
53.6%
flower
52.9%
gone
52.8%
yes
52.3%
tres jolie
52.3%
from
51.6%
% Correct
be
51.6%
can
51%
more
51%
come
51%
France
50.3%
when
50.3%
when
50.3%
of
50.3%
pretend
49.7%
what
49%
what
48.4%
so
48.4%
rose
48.4%
everyone
47.7%
forget
47.1%
all
47.1%
all
47.1%
love
47.1%
Le Moulin
47.1%
say
47.1%
can't
47.1%
children
46.4%
knows
46.4%
you'll
46.4%
not
45.8%
forget
45.8%
start
45.8%
French
45.1%
down
45.1%
french
45.1%
down
45.1%
you'll
45.1%
light
45.1%
city
45.1%
knows
45.1%
will
43.8%
smart
43.1%
dance
43.1%
part
42.5%
i'll
41.8%
plays
41.8%
french
41.8%
show
40.5%
art
40.5%
one
40.5%
even
39.9%
never
39.9%
will
39.9%
stroll
38.6%
cure
38.6%
call
37.9%
says
37.9%
there's
37.3%
air
37.3%
by
36.6%
joie de vivre
35.9%
singing
35.3%
l'amour
35.3%
Freud
35.3%
soon
34.6%
feeling
34%
blue
33.3%
two
32%
two
32%
Follies Begere
20.3%
just
19%

You're not logged in!

Compare scores with friends on all Sporcle quizzes.
OR
Log In

You Might Also Like...

Show Comments

Extras

Created Oct 12, 2011ReportNominate
Tags:anastasia

Top Quizzes Today


Score Distribution

Your Account Isn't Verified!

In order to create a playlist on Sporcle, you need to verify the email address you used during registration. Go to your Sporcle Settings to finish the process.

Report this User

Report this user for behavior that violates our Community Guidelines.

Details: